000 00647nam a2200205Ii 4500
003 JO-AjNU
008 230605s9999||||xx |||||||||||||| ||und||
040 _aJO-AjNU
_bara
_erda
_cJO-AjNU
041 _aara
050 1 4 _aDK288.P47 1990
100 3 _aدار المستقبل,
_eauthor
_913735
245 0 0 _aالبيريسترويكا: مظاهر اضمحلال النظام العالمي
250 _aط1
264 3 1 _aدمشق: دار المستقبل، 1990
300 _a319ص
336 _atext
_btxt
_2rdacontent
337 _aunmediated
_bn
_2rdamedia
338 _avolume
_bnc
_2rdacarrier
650 4 _aالبيريسترويكا
_913736
999 _aA3496
_c7064
_d7064